000 00707nam a2200277Ia 4500
003 OSt
005 20220912152233.0
006 a|||||r|||| 00| 0
007 ta
008 220909b |||||||| |||| 00| 0 eng d
024 _a56715
037 _cTextual
040 _aCSL
_beng
_cCSL
041 _aeng
082 _aI8871:12:63, H1.1
100 _aWhite Alain
245 0 _aSucculent euphorbieae (Southern Africa)
260 _c1941
300 _ap.
_ccm.
650 _a Dicotyledon
650 _aBotany
700 _a Dyer R Allen
700 _a Sloane Boyd L
942 _hI8871:12:63, H1.1
_cTEXL
_2CC
999 _c82657
_d82657